| 000 | 01927nam0a2200421 4500 | ||
|---|---|---|---|
| 001 | RU\NLR\bibl\973376 | ||
| 005 | 20250614212213.0 | ||
| 010 |
_a5-8149-0310-4 _9500 |
||
| 021 |
_aRU _b2006-34354 _91714 |
||
| 035 | _a(nilc)RSL-KNO-002894720 | ||
| 035 | _a(NLR Aleph) 000961318 | ||
| 090 |
_a341277 _c341277 |
||
| 100 | _a20060606d2005 |||y0rusy50 ca | ||
| 101 | 0 | _arus | |
| 102 | _aRU | ||
| 105 | _ay ||||||||| | ||
| 106 | _ar | ||
| 200 | 1 |
_aФеномен города в духовном мире человека _eмонография _fГ. В. Горнова _gФедер. агентство по образованию "Омский гос. пед. ун-т" |
|
| 210 |
_aОмск _cИзд-во ОмГТУ _d2005 _eОмск _g"Полиграфический центр" ЧП Пономарева О. Н. |
||
| 215 |
_a147, [1] с. _d21 |
||
| 320 | _aБиблиогр. в подстроч. примеч. | ||
| 606 | 1 |
_aУрбанизация _xСоциально-философские вопросы _92227189 _3RU\NLR\auth\661336973 |
|
| 606 | 1 |
_aАнтропология философская _9994238 _3RU\NLR\auth\6658201 |
|
| 610 | 0 | _aСоциология -- Социальные общности (совокупности) -- Социология города и деревни -- Социологическая теория города | |
| 610 | 0 | _aФилософия -- Метафизика. Онтология -- Философская антропология (философия человека) | |
| 686 |
_aС555.661,0 _2rubbk |
||
| 686 |
_aЮ216,0 _2rubbk |
||
| 686 | _aС550.661 | ||
| 686 | _aЮ6 | ||
| 686 | _aЮ216.1 | ||
| 700 | 1 |
_aГорнова _bГ. В. _gГалина Владимировна _4070 |
|
| 801 | 0 |
_aRU _bРКП _c20060606 _grcr |
|
| 801 | 1 |
_aRU _bРГБ _c20060606 |
|
| 801 | 2 |
_aRU _bNLR _c20060808 _grcr |
|
| 942 | _cBOOK | ||
| 980 | _aNB | ||
| 980 | _aNBR | ||